000 00858nam a22002775a 4500
999 _c3175
_d233679
001 002822
003 armpunfd
005 20190408135554.0
008 140703s2010####ag############000#0#und#d
020 _a9789870583868
080 _a341.48 Oh 1
100 1 _aOhanian Pascual C.
245 1 0 _aLa Cuestión Armenia y las Relaciones Internacionales /
260 _aBuenos Aires :
_bAcademia Nacional de Ciencias de la Republica de Armenia,
_c2010.
300 _a1456 P ;
_c15 X 22 Cm.
650 7 _aConstitucion Armenia
_2LEMB
650 7 _aConstitucion Turca
_2LEMB
650 7 _aCuestion Armenia
_2LEMB
650 7 _aDerecho Internacional Publico
_2LEMB
650 7 _aGenocidio Armenio
_2LEMB
650 7 _aRelaciones Internacionales
_2LEMB
650 7 _aRevolucion Rusa
_2LEMB
651 _2LEMB
945 _acd
_d2014-07-03